Statistics for Last five political leaders of UK, USA, France and Canada

Click here to take the quiz!

General Stats

  • This quiz has been taken 252 times
  • The average score is 12 of 20

Answer Stats

Answer% Correct
US PresBarack Obama
98%
US PresGeorge Bush
96%
US PresGeorge Bush
96%
US PresBill Clinton
94%
US PresRonald Reagan
84%
UK PMDavid Cameron
78%
UK PMTony Blair
78%
UK PMMargaret Thatcher
77%
French presNicolas Sarkozy
66%
French presFrançois Hollande
61%
UK PMGordon Brown
61%
French presJacques Chirac
54%
French presFrançois Mitterrand
53%
UK PMJohn Major
50%
Canada PMStephen Harper
48%
French presValéry Giscard d'Estaing
34%
Canada PMJean Chrétien
25%
Canada PMKim Campbell
24%
Canada PMBrian Mulroney
22%
Canada PMPaul Martin
20%

Score Distribution

Percentile by Number Answered

Percent of People with Each Score

Your Score History

You have not taken this quiz